[Event "Holbak Lovfald A"]
[Site "Holbak"]
[Date "2015.09.13"]
[Round "5"]
[White "Christensen, Svend Ellegaard"]
[Black "Jacobsen, Mikkel Manosri"]
[Result "1-0"]
[WhiteElo "2239"]
[BlackElo "2354"]
[PlyCount "61"]
[EventDate "2015.09.11"]
[EventType "tourn"]
[EventRounds "5"]
[EventCountry "DEN"]
[SourceTitle "EXT 2024"]
[Source "ChessBase"]
[SourceDate "2023.10.10"]
[SourceVersion "1"]
[SourceVersionDate "2023.10.10"]
[SourceQuality "1"]

1. e4 c6 2. d3 d5 3. Nd2 g6 4. Ngf3 Bg7 5. g3 Bg4 6. Bg2 Nd7 7. h3 Bxf3 8. Qxf3 e6 9. 0-0 Ne7 10. Qe2 a5 11. a4 Qc7 12. Ra2 h6 13. b3 g5 14. Ba3 d4 15. Nc4 c5 16. Bc1 Ng6 17. f4 Rg8 18. f5 Nge5 19. Bd2 Nxc4 20. bxc4 Qxg3 21. fxe6 fxe6 22. Qh5+ Ke7 23. Rf7+ Kd6 24. Rxd7+ Kxd7 25. Qf7+ Kd6 26. Rb2 b5 27. Rxb5 Rab8 28. Bxa5 Qe3+ 29. Kh1 Qc1+ 30. Bf1 e5 31. Bc7+ 1-0

[Event "Politiken Cup 32nd"]
[Site "Copenhagen"]
[Date "2010.08.08"]
[Round "10"]
[White "Joensson, Lennart"]
[Black "Christensen, Svend Ellegaard"]
[Result "0-1"]
[WhiteElo "2105"]
[BlackElo "2226"]
[PlyCount "80"]
[EventDate "2010.07.31"]
[EventType "swiss"]
[EventRounds "10"]
[EventCountry "DEN"]
[SourceTitle "CBM 137 Extra"]
[Source "ChessBase"]
[SourceDate "2010.09.01"]
[SourceVersion "1"]
[SourceVersionDate "2010.09.01"]
[SourceQuality "1"]

1. d4 c5 2. e3 e6 3. Nf3 Nf6 4. Bd3 b6 5. 0-0 Bb7 6. b3 Be7 7. Bb2 d6 8. Nbd2 Nbd7 9. Qe2 Qc7 10. c4 0-0 11. Rad1 Rfd8 12. Bb1 Nf8 13. Ng5 h6 14. Nh3 d5 15. f4 Rac8 16. Kh1 a6 17. Ng1 b5 18. cxb5 Qa5 19. dxc5 axb5 20. Bd4 b4 21. Qf3 N8d7 22. g4 Ne4 23. g5 Bxc5 24. gxh6 Bxd4 25. exd4 Rc3 26. Qg4 g6 27. Ngf3 Ndf6 28. Qh4 Nh5 29. Rg1 Rdc8 30. Ng5 Qd8 31. h7+ Kg7 32. h8Q+ Qxh8 33. Nxe6+ Kg8 34. Qe7 Nhg3+ 35. Rxg3 Nxg3+ 36. Kg1 Qh5 37. Re1 Rc1 38. Ng5 Rxe1+ 39. Qxe1 Rc1 40. Qxc1 Ne2+ 0-1

[Event "Roskilde 100 years"]
[Site "Roskilde"]
[Date "2008.10.14"]
[Round "5"]
[White "Christensen, Svend Ellegaard"]
[Black "Marshall, Michael"]
[Result "1-0"]
[WhiteElo "2172"]
[BlackElo "1765"]
[PlyCount "77"]
[EventDate "2008.10.11"]
[EventType "swiss"]
[EventRounds "9"]
[EventCountry "DEN"]
[SourceTitle "EXT 2018"]
[Source "ChessBase"]
[SourceDate "2017.10.13"]
[SourceVersion "1"]
[SourceVersionDate "2017.10.13"]
[SourceQuality "1"]

1. d4 Nf6 2. Nc3 d5 3. e4 dxe4 4. f3 exf3 5. Nxf3 Bg4 6. h3 Bh5 7. g4 Bg6 8. Ne5 e6 9. Bg2 c6 10. h4 Nbd7 11. Qe2 Nxe5 12. dxe5 Nxg4 13. Qxg4 Bxc2 14. Be3 Qa5 15. Qf4 0-0-0 16. 0-0 Bc5 17. Rf2 Bf5 18. Rc1 Bxe3 19. Qxe3 Kb8 20. Re1 Qb4 21. Ne4 Bxe4 22. Bxe4 Rhf8 23. h5 g6 24. h6 Rd4 25. Bg2 Rdd8 26. Ref1 Qe7 27. Rf6 Rd7 28. a3 Qd8 29. R1f2 Rd1+ 30. Kh2 Rd3 31. Qc5 Rd4 32. Kg3 Re8 33. b4 a6 34. a4 Rd3+ 35. Bf3 Rf8 36. b5 axb5 37. axb5 cxb5 38. Ra2 b6 39. Ra8# 1-0

[Event "Roskilde 100 years"]
[Site "Roskilde"]
[Date "2008.10.12"]
[Round "3"]
[White "Schandorff, Lars"]
[Black "Christensen, Svend Ellegaard"]
[Result "1-0"]
[WhiteElo "2520"]
[BlackElo "2172"]
[PlyCount "64"]
[EventDate "2008.10.11"]
[EventType "swiss"]
[EventRounds "9"]
[EventCountry "DEN"]
[SourceTitle "EXT 2018"]
[Source "ChessBase"]
[SourceDate "2017.10.13"]
[SourceVersion "1"]
[SourceVersionDate "2017.10.13"]
[SourceQuality "1"]

1. d4 Nf6 2. c4 e6 3. Nc3 Bb4 4. Qc2 b6 5. e4 Bxc3+ 6. bxc3 d6 7. Bd3 Bb7 8. Ne2 Nbd7 9. 0-0 Qe7 10. f3 h6 11. Ng3 0-0 12. f4 Kh8 13. Bd2 Rfd8 14. Rae1 e5 15. Nf5 Qf8 16. Rf3 Ng8 17. fxe5 dxe5 18. Rg3 g6 19. Nxh6 Nxh6 20. Rh3 Kg8 21. Bxh6 Qe7 22. Rf1 c5 23. d5 Bc8 24. Rhf3 f6 25. Qf2 Ba6 26. Qg3 Kh7 27. Qh4 Kg8 28. Rxf6 Nxf6 29. Rxf6 Qe8 30. Re6 Qf7 31. Re7 Rd7 32. Rxf7 Rxf7 1-0

[Event "Politiken Cup 29th"]
[Site "Copenhagen"]
[Date "2007.07.21"]
[Round "1"]
[White "Christensen, Svend Ellegaard"]
[Black "Thorsteinsdottir, Hallgerdur"]
[Result "1-0"]
[WhiteElo "2199"]
[BlackElo "1808"]
[PlyCount "47"]
[EventDate "2007.07.21"]
[EventType "swiss"]
[EventRounds "10"]
[EventCountry "DEN"]
[SourceTitle "CBM 119 Extra"]
[Source "ChessBase"]
[SourceDate "2007.09.04"]
[SourceVersion "1"]
[SourceVersionDate "2007.09.04"]
[SourceQuality "1"]

1. d4 Nf6 2. Nf3 g6 3. Bf4 Bg7 4. h3 0-0 5. Nbd2 d5 6. e3 c5 7. c3 Nc6 8. Be2 e6 9. dxc5 Nd7 10. Bd6 Re8 11. Qc2 a5 12. Rd1 Bf8 13. Bxf8 Rxf8 14. h4 Nxc5 15. h5 Qf6 16. a3 Ne7 17. e4 dxe4 18. Nxe4 Nxe4 19. Qxe4 Qf5 20. Qh4 Nd5 21. hxg6 Qxg6 22. Rh3 Kh8 23. c4 Nb6 24. Rg3 1-0

[Event "Nordea Cup"]
[Site "Dianalund"]
[Date "2005.02.17"]
[Round "6"]
[White "Christensen, Svend Ellegaard"]
[Black "Lund, Silas Esben"]
[Result "0-1"]
[WhiteElo "2193"]
[BlackElo "2292"]
[PlyCount "66"]
[EventDate "2005.02.12"]
[EventType "tourn"]
[EventRounds "9"]
[EventCountry "DEN"]
[EventCategory "4"]
[SourceTitle "CBM 104 Extra"]
[Source "ChessBase"]
[SourceDate "2005.03.01"]
[SourceVersion "1"]
[SourceVersionDate "2005.03.01"]
[SourceQuality "1"]

1. e4 e5 2. f4 exf4 3. Nf3 g5 4. h4 g4 5. Ne5 d6 6. Nxg4 Nf6 7. Nxf6+ Qxf6 8. d4 Bh6 9. Nc3 Nc6 10. Bb5 Kf8 11. Bxc6 bxc6 12. Qf3 Rg8 13. Qf2 Rb8 14. Ne2 Rg4 15. b3 c5 16. 0-0 cxd4 17. Qxd4 Qxh4 18. Qf2 Qxf2+ 19. Rxf2 Bg7 20. Rb1 Bb7 21. Nxf4 Re8 22. Bb2 Bh6 23. Nh5 Be3 24. Nf6 Rf4 25. Rbf1 Re6 26. Nd5 Bxd5 27. exd5 Rh6 28. Bc1 Bxf2+ 29. Rxf2 Rh1+ 30. Kxh1 Rxf2 31. Be3 Rxc2 32. Bxa7 Rxa2 33. Bb8 Rc2 0-1

[Event "Canarias en Red prel 2nd"]
[Site "Playchess.com INT"]
[Date "2004.05.04"]
[Round "1"]
[White "Svetushkin, Dmitry"]
[Black "Christensen, Svend Ellegaard"]
[Result "1-0"]
[WhiteElo "2553"]
[BlackElo "2193"]
[PlyCount "57"]
[EventDate "2004.05.04"]
[EventType "swiss (blitz)"]
[EventRounds "13"]
[EventCountry "GER"]
[SourceTitle "EXT 2005"]
[Source "ChessBase"]
[SourceDate "2004.11.15"]
[SourceVersion "1"]
[SourceVersionDate "2004.11.15"]
[SourceQuality "1"]

1. d4 Nf6 2. c4 e6 3. Nf3 d5 4. Nc3 c6 5. e3 Bb4 6. Qc2 0-0 7. a3 Ba5 8. b4 Bc7 9. Bb2 dxc4 10. Bxc4 Nbd7 11. 0-0 Nb6 12. Bd3 Nbd5 13. Ne2 Re8 14. e4 Nf4 15. Nxf4 Bxf4 16. e5 Nd5 17. Bxh7+ Kf8 18. Be4 Bd7 19. g3 Bg5 20. Nd2 Qb6 21. Nc4 Qc7 22. Nd6 Red8 23. Bxd5 exd5 24. Qh7 Be6 25. f4 Bh6 26. f5 Ke7 27. fxe6 Rh8 28. Rxf7+ Kxe6 29. Qf5# 1-0